000 00469nam a2200169Ia 4500
001 22512
005 20260414150836.0
008 260414t2007||||xx |||||||||||||| ||spa||
041 _aESP
082 _a621.382
_bC28 2007
100 _aCarlson, A. Bruce
_eAUT
245 0 _aSistemas de comunicación :
_buna introducción a las señales y el ruido en las comunicaciones eléctricas
260 _c2007
650 _aTCA
654 _aCET
942 _cLIB
_dJUS
_fJUS
_2ddc
_n
999 _c22512
_d22512